[Event "V. Art Pub Kupa"]
[Site "?"]
[Date "2014.08.08"]
[Round "2.2"]
[White "Kovacs, Istvan"]
[Black "Kokeny, Norbert Adrian"]
[Result "0-1"]
[WhiteElo "2209"]
[BlackElo "1916"]
[PlyCount "72"]
[EventDate "2014.08.07"]
[SourceDate "2014.08.07"]

1. d4 d5 2. c4 c6 3. Nf3 Nf6 4. e3 a6 5. Bd3 Nbd7 6. O-O e6 7. b3 Bd6 8. Bb2
Qc7 9. Nbd2 O-O 10. h3 b6 11. Rc1 Bb7 12. Qe2 Rfe8 13. Rfd1 e5 14. cxd5 Nxd5
15. Bc4 N5f6 16. Ng5 Rf8 17. d5 b5 18. dxc6 Bxc6 19. Nde4 Nxe4 20. Nxe4 Be7 21.
Bd5 Nb8 22. Qf3 Kh8 23. Qg3 f6 24. Rxc6 Nxc6 25. Rc1 Rac8 26. Bxc6 Qa5 27. a4
bxa4 28. Qf3 axb3 29. Nc3 Bb4 30. Nd5 Bd2 31. Ra1 Qc5 32. Bb7 Qc2 33. Bxc8 Qxb2
34. Rxa6 Rxc8 35. Qf5 Qc2 36. e4 b2 0-1

[Event "V. Art Pub Kupa"]
[Site "?"]
[Date "2014.08.08"]
[Round "2.3"]
[White "Marta, Dominik"]
[Black "Kovacs, David"]
[Result "0-1"]
[WhiteElo "1963"]
[BlackElo "2201"]
[PlyCount "54"]
[EventDate "2014.08.07"]
[SourceDate "2014.08.07"]

1. d4 d5 2. Nf3 Nf6 3. e3 g6 4. b3 Bg7 5. Bb2 O-O 6. Bd3 c5 7. Nbd2 b6 8. O-O
Bb7 9. Ne5 Nc6 10. f4 Rc8 11. Ndf3 Nb4 12. a3 Nxd3 13. cxd3 Ne8 14. dxc5 bxc5
15. Rc1 Nd6 16. Qd2 f6 17. Ng4 Qb6 18. b4 c4 19. Nd4 cxd3 20. Qxd3 Ba6 21. b5
Nxb5 22. Rxc8 Rxc8 23. Qd2 Nd6 24. Ne2 Qb5 25. Ng3 Nc4 26. Qd4 Nxb2 27. Qxa7
Qb7 0-1

[Event "V. Art Pub Kupa"]
[Site "?"]
[Date "2014.08.08"]
[Round "2.4"]
[White "Halak, Miklos"]
[Black "Zahonyi-Abel, Mark"]
[Result "1-0"]
[WhiteElo "2197"]
[BlackElo "1865"]
[PlyCount "76"]
[EventDate "2014.08.07"]
[SourceDate "2014.08.07"]

1. e4 e6 2. d4 d5 3. Nc3 Bb4 4. exd5 exd5 5. Bd3 Nf6 6. h3 O-O 7. Qf3 c5 8.
Nge2 Nc6 9. a3 Ba5 10. O-O cxd4 11. Nb5 Ne5 12. Qg3 Nxd3 13. Qxd3 a6 14. Nbxd4
Ne4 15. c3 Bb6 16. Be3 Re8 17. Rad1 Nc5 18. Qb1 Qf6 19. Nf4 Be6 20. Qa2 Rad8
21. a4 Bc7 22. Ndxe6 fxe6 23. Nxd5 exd5 24. Bxc5 Qe5 25. f4 Qf5 26. b4 Re4 27.
Qc2 Qe6 28. Qd2 Re2 29. Rde1 Rxe1 30. Rxe1 Bxf4 31. Qf2 Qh6 32. Qf3 b6 33. Bd4
Qd6 34. Qg4 g6 35. Re6 Bh2+ 36. Kh1 Qg3 37. Qe2 Rf8 38. Re7 Qd6 1-0

[Event "V. Art Pub Kupa"]
[Site "?"]
[Date "2014.08.08"]
[Round "2.5"]
[White "Bartuszek, Andras"]
[Black "Teglas, Balazs"]
[Result "0-1"]
[WhiteElo "1884"]
[BlackElo "2182"]
[PlyCount "80"]
[EventDate "2014.08.07"]
[SourceDate "2014.08.07"]

1. e4 c5 2. Nf3 Nc6 3. d4 cxd4 4. Nxd4 Nf6 5. Nc3 e5 6. Ndb5 d6 7. Nd5 Nxd5 8.
exd5 Nb8 9. c4 Be7 10. Bd3 O-O 11. O-O a6 12. Nc3 f5 13. f3 Nd7 14. Be3 Bg5 15.
Qc1 Bxe3+ 16. Qxe3 Nc5 17. Bc2 a5 18. Na4 b6 19. Nxc5 bxc5 20. Ba4 Bd7 21. Bxd7
Qxd7 22. Rf2 Rfb8 23. Rb1 Rb4 24. Qc3 a4 25. Rc1 Rab8 26. Rcc2 R8b7 27. Rfe2 g5
28. Qd2 Qd8 29. h3 f4 30. Qd3 Qf6 31. Qc3 Rg7 32. a3 Rbb7 33. Qa5 Ra7 34. Qb6
Rgb7 35. Qc6 Qd8 36. Rxe5 dxe5 37. Qe6+ Rf7 38. d6 Rad7 39. Rd2 Kg7 40. b4 axb3
0-1

[Event "V. Art Pub Kupa"]
[Site "?"]
[Date "2014.08.08"]
[Round "2.6"]
[White "Kormos, Adam"]
[Black "Kunos, Zoltan"]
[Result "1-0"]
[WhiteElo "2144"]
[BlackElo "1846"]
[PlyCount "85"]
[EventDate "2014.08.07"]
[SourceDate "2014.08.07"]

1. e4 e6 2. d4 d5 3. Nc3 Nf6 4. Bg5 Bb4 5. e5 h6 6. Bc1 Ne4 7. Qg4 Kf8 8. a3
Ba5 9. Nge2 c5 10. dxc5 Nxc3 11. Nxc3 Bxc3+ 12. bxc3 Nc6 13. Qg3 Qc7 14. f4 Ne7
15. a4 Bd7 16. a5 a6 17. Be2 Rc8 18. Ba3 Nc6 19. Bb4 Rd8 20. O-O Bc8 21. Bd3 g6
22. Rf3 Qe7 23. Raf1 Rd7 24. Ba3 Qd8 25. c4 Qxa5 26. cxd5 Qxa3 27. dxe6 Qxc5+
28. Kh1 fxe6 29. Bxg6 Rg7 30. f5 exf5 31. Rxf5+ Bxf5 32. Rxf5+ Ke7 33. Qh4+ Kd7
34. e6+ Kd6 35. Rxc5 Kxc5 36. Qf6 Rd8 37. h4 Re7 38. Bf7 a5 39. Qxh6 a4 40.
Qe3+ Kb5 41. h5 Rd6 42. h6 Nd8 43. Qg5+ 1-0

[Event "V. Art Pub Kupa"]
[Site "?"]
[Date "2014.08.08"]
[Round "2.7"]
[White "Fodor, Balazs"]
[Black "Nominerdene, Davaademberel"]
[Result "0-1"]
[WhiteElo "1877"]
[BlackElo "2095"]
[PlyCount "168"]
[EventDate "2014.08.07"]
[SourceDate "2014.08.07"]

1. d4 d5 2. c4 Nf6 3. Nc3 e6 4. Bg5 Be7 5. Qc2 O-O 6. Nf3 c6 7. e3 Nbd7 8. Bd3
h6 9. Bf4 dxc4 10. Bxc4 b5 11. Bd3 Bb7 12. Be5 Rc8 13. O-O a6 14. Rfd1 Qb6 15.
Be4 Nxe4 16. Qxe4 c5 17. Qg4 Nxe5 18. Nxe5 Qc7 19. Nf3 c4 20. a3 Rcd8 21. Qh5
Bd6 22. Nd2 Qc6 23. f3 f5 24. Qh4 f4 25. Nf1 Qb6 26. Kh1 Bc7 27. Qf2 a5 28. Ne2
fxe3 29. Qxe3 Rf6 30. Neg3 Bf4 31. Qc3 Bd5 32. Nh5 Rf5 33. Nxf4 Rxf4 34. Qe3
Rdf8 35. Kg1 Qd6 36. Rd2 Qc6 37. Ng3 b4 38. Qe5 R4f7 39. axb4 axb4 40. Rc1 Rc8
41. Ne2 Rf5 42. Qe3 Qd6 43. Ng3 Rf7 44. Ne4 Qc6 45. Rdc2 Rfc7 46. Nd2 Qa6 47.
Nb1 Rc6 48. Qd2 Qb6 49. Qe2 Qa5 50. Kf2 Qa2 51. Qd2 Qb3 52. Qe3 Qa4 53. Qe1 Qb5
54. Qe3 R6c7 55. Nd2 Qa6 56. Ne4 Qb6 57. Nd2 Qd6 58. h3 Qb6 59. Ne4 Re7 60. Nd2
Qa6 61. Qe2 Rec7 62. Qe3 Rc6 63. Ne4 Qb5 64. Nd2 Kf7 65. Qf4+ Kg8 66. Qe3 Qa6
67. Ne4 Kh8 68. Ng3 Qa5 69. Ne2 Qb5 70. Nf4 Ra6 71. Qe5 Kg8 72. Nh5 Qd7 73. Nf4
Rac6 74. Qe3 Qc7 75. Ng6 Qa7 76. Ne5 R6c7 77. Qf4 c3 78. bxc3 b3 79. Rd2 Rxc3
80. Ra1 Qxa1 81. Qf7+ Kh8 82. Ng6+ Kh7 83. Ne7 R3c7 84. Qg6+ Kh8 0-1

[Event "V. Art Pub Kupa"]
[Site "?"]
[Date "2014.08.08"]
[Round "2.8"]
[White "Repasi, Zoltan Sr"]
[Black "Fekete, Martin"]
[Result "1/2-1/2"]
[WhiteElo "2090"]
[BlackElo "1842"]
[PlyCount "45"]
[EventDate "2014.08.07"]
[SourceDate "2014.08.07"]

1. e4 e5 2. Nf3 Nc6 3. Bc4 Be7 4. c3 Nf6 5. Qe2 O-O 6. O-O Ne8 7. d4 d6 8. h3
Kh8 9. Rd1 Bd7 10. Nbd2 Bf6 11. Nf1 g6 12. Ne3 Bg7 13. Ng4 Qe7 14. dxe5 dxe5
15. Bg5 f6 16. Bh4 Nd6 17. Bd5 Qe8 18. Bg3 Rb8 19. Rd2 Qc8 20. Ngh2 Ne7 21. Bb3
Bc6 22. Bc2 Bh6 23. Rdd1 1/2-1/2

[Event "V. Art Pub Kupa"]
[Site "?"]
[Date "2014.08.08"]
[Round "2.9"]
[White "Balla, Attila"]
[Black "Juhasz, Bela"]
[Result "1-0"]
[WhiteElo "1844"]
[BlackElo "2087"]
[PlyCount "119"]
[EventDate "2014.08.07"]
[SourceDate "2014.08.07"]

1. e4 c5 2. Nf3 e6 3. d3 Nc6 4. g3 d5 5. Nbd2 Nf6 6. Bg2 Be7 7. O-O O-O 8. Re1
Rb8 9. e5 Nd7 10. Nf1 b5 11. h4 Qc7 12. Bf4 a5 13. N1h2 b4 14. Ng4 Nd4 15. Nxd4
cxd4 16. Nf6+ Nxf6 17. exf6 Bd6 18. Qg4 g6 19. Qg5 Kh8 20. Qh6 Rg8 21. Bxd5
Bxf4 22. gxf4 Qd8 23. Bf3 Qxf6 24. Re5 a4 25. b3 Bd7 26. Kf1 Rgc8 27. Rc1 Qg7
28. Qxg7+ Kxg7 29. Ke2 f5 30. Ra5 axb3 31. axb3 Rc7 32. Kd2 Rbc8 33. Ra6 Bc6
34. Bxc6 Rxc6 35. Rxc6 Rxc6 36. Ra1 Rc7 37. Ra6 Kf6 38. Rd6 h6 39. Rxd4 Rb7 40.
Ke3 g5 41. fxg5+ hxg5 42. hxg5+ Kxg5 43. f4+ Kf6 44. Rc4 Rb5 45. d4 Ke7 46. Rc5
Rb8 47. Kd3 Kd6 48. Kc4 Rb7 49. Rb5 Rc7+ 50. Kd3 Rc3+ 51. Kd2 Rf3 52. Rxb4 Rxf4
53. Ke3 Re4+ 54. Kd3 Re1 55. c4 Rd1+ 56. Ke3 f4+ 57. Ke4 f3 58. c5+ Kc7 59.
Kxf3 e5 60. dxe5 1-0

[Event "V. Art Pub Kupa"]
[Site "?"]
[Date "2014.08.08"]
[Round "2.10"]
[White "Cvetanovic, Damjan"]
[Black "Abraham, Lajos"]
[Result "1-0"]
[WhiteElo "2078"]
[BlackElo "1803"]
[PlyCount "61"]
[EventDate "2014.08.07"]
[SourceDate "2014.08.07"]

1. d4 Nf6 2. c4 e6 3. g3 c6 4. Bg2 d5 5. Nf3 Bb4+ 6. Bd2 Qa5 7. O-O Ne4 8. Be3
dxc4 9. Qc2 c3 10. b3 Nd2 11. Nbxd2 cxd2 12. a3 Bd6 13. Bxd2 Qh5 14. e4 e5 15.
Qb2 Bg4 16. Nxe5 Bxe5 17. dxe5 Nd7 18. f4 f6 19. e6 Bxe6 20. f5 Bf7 21. Bf4 O-O
22. h4 g5 23. hxg5 fxg5 24. Bd6 Rfe8 25. e5 Bd5 26. Bxd5+ cxd5 27. e6 Qg4 28.
exd7 Re3 29. Qg2 Qd4 30. Qf2 Rxg3+ 31. Bxg3 1-0

[Event "V. Art Pub Kupa"]
[Site "?"]
[Date "2014.08.08"]
[Round "2.11"]
[White "Karacsonyi, Gellert"]
[Black "Schubert, Gyula"]
[Result "1-0"]
[WhiteElo "1806"]
[BlackElo "2033"]
[PlyCount "115"]
[EventDate "2014.08.07"]
[SourceDate "2014.08.07"]

1. e4 d6 2. d4 Nf6 3. Nc3 g6 4. Bg5 Bg7 5. Qd2 h6 6. Bh4 c6 7. O-O-O b5 8. Bd3
Nbd7 9. f4 b4 10. Nce2 Rb8 11. e5 dxe5 12. fxe5 Nd5 13. e6 N7f6 14. exf7+ Kxf7
15. Nf3 Ng4 16. Rhf1 Kg8 17. Nf4 g5 18. Nxd5 cxd5 19. Bg3 Rb6 20. Ne5 Nxe5 21.
Bxe5 Bf6 22. Bxf6 exf6 23. Qe2 Be6 24. Qh5 Bf7 25. Bg6 Qe8 26. Rde1 Re6 27.
Rxe6 Qxe6 28. Kd2 Kg7 29. Re1 Qd7 30. Bxf7 Qxf7 31. Qxf7+ Kxf7 32. c3 Rb8 33.
g4 a5 34. b3 Rc8 35. Re3 Rh8 36. c4 dxc4 37. bxc4 h5 38. gxh5 Rxh5 39. h3 Rh4
40. Kd3 a4 41. c5 b3 42. axb3 axb3 43. Kc4 b2 44. Rb3 Rxh3 45. Rxb2 g4 46. c6
Ke7 47. d5 Rh1 48. Rb7+ Kd6 49. Rd7+ Ke5 50. Re7+ Kf5 51. d6 g3 52. d7 Rh4+ 53.
Kb5 g2 54. d8=Q g1=Q 55. Qd5+ Kf4 56. Qe4+ Kg5 57. Rg7+ Kh5 58. Qh7# 1-0

[Event "V. Art Pub Kupa"]
[Site "?"]
[Date "2014.08.08"]
[Round "2.12"]
[White "Firnigel, Janos"]
[Black "Berta, Sandor"]
[Result "0-1"]
[WhiteElo "1795"]
[BlackElo "2031"]
[PlyCount "64"]
[EventDate "2014.08.07"]
[SourceDate "2014.08.07"]

1. d4 Nf6 2. c4 g6 3. Nc3 Bg7 4. e4 d6 5. Be2 O-O 6. Be3 e5 7. d5 a5 8. h3 Na6
9. Nf3 Qe7 10. O-O Nc5 11. Nd2 Ne8 12. g4 f5 13. f3 h5 14. Kg2 Bf6 15. Qc2 Bg5
16. Bf2 fxg4 17. fxg4 hxg4 18. hxg4 Nf6 19. Bxc5 dxc5 20. Qd1 Qd7 21. Qe1 Nxg4
22. Rxf8+ Kxf8 23. Nf1 Ne3+ 24. Kg1 Qh3 25. Qf2+ Kg7 26. Qg3 Qh6 27. Qxe5+ Bf6
28. Qxc7+ Kg8 29. Qg3 Bd4 30. Nxe3 Bxe3+ 31. Kg2 Bf4 32. Qf2 Qh2+ 0-1

[Event "V. Art Pub Kupa"]
[Site "?"]
[Date "2014.08.08"]
[Round "2.13"]
[White "Dibusz, Domonkos"]
[Black "Terbe, Julianna"]
[Result "0-1"]
[WhiteElo "1456"]
[BlackElo "2030"]
[PlyCount "100"]
[EventDate "2014.08.07"]
[SourceDate "2014.08.07"]

1. e4 c5 2. Nf3 e6 3. d4 cxd4 4. Nxd4 Nf6 5. Nc3 Nc6 6. Be3 Bb4 7. Bd3 e5 8.
Nb3 d5 9. Bd2 Bxc3 10. Bxc3 dxe4 11. Bb5 Qe7 12. Qd2 Bf5 13. Bb4 e3 14. fxe3
Qd7 15. Qxd7+ Bxd7 16. Bc3 O-O 17. O-O-O Bg4 18. Rde1 Rfe8 19. Na5 Bd7 20. Rd1
Re7 21. Nxb7 Rb8 22. Nd6 Ng4 23. Rhe1 Nxh2 24. Bc4 Be6 25. Bxe6 Rxe6 26. Ne4 f5
27. Nc5 Re7 28. Rd6 Rc8 29. Red1 Ng4 30. Re1 Kf7 31. Nb3 g6 32. Nd2 Nf6 33. g3
Rd7 34. Rxd7+ Nxd7 35. Nc4 Ke6 36. Rd1 Nc5 37. Rd6+ Ke7 38. Rd5 Ne4 39. Nxe5
Nxg3 40. Nxc6+ Rxc6 41. Ra5 a6 42. Kd2 Ne4+ 43. Kd3 Nxc3 44. bxc3 h5 45. Ra4 g5
46. Ke2 Kf6 47. Kf3 g4+ 48. Kg3 Kg5 49. Ra5 Rxc3 50. Rxa6 Rxc2 0-1

[Event "V. Art Pub Kupa"]
[Site "?"]
[Date "2014.08.08"]
[Round "2.14"]
[White "Bohus, Adam"]
[Black "Csalami, Gabor"]
[Result "1/2-1/2"]
[WhiteElo "2029"]
[BlackElo "1794"]
[PlyCount "90"]
[EventDate "2014.08.07"]
[SourceDate "2014.08.07"]

1. d4 Nf6 2. c4 c5 3. d5 b5 4. cxb5 a6 5. e3 g6 6. Nc3 d6 7. Nf3 Bg7 8. a4 O-O
9. e4 axb5 10. Bxb5 Ba6 11. Bd2 Bxb5 12. axb5 Nbd7 13. O-O Ng4 14. Qe2 Nge5 15.
Nxe5 Nxe5 16. f4 Nd7 17. Kh1 Qc7 18. Na4 Nb6 19. Nxb6 Qxb6 20. Bc3 Rab8 21. Qg4
Qxb5 22. f5 Ra8 23. Rae1 Bxc3 24. bxc3 Ra3 25. fxg6 hxg6 26. Qh4 Rxc3 27. Qxe7
Re3 28. Qxd6 Rxe4 29. Qf6 Qc4 30. Rxe4 Qxe4 31. Qg5 Qe2 32. Rc1 Re8 33. h3 c4
34. d6 Qd3 35. Qf6 Re6 36. Qd8+ Kg7 37. Qc7 Rxd6 38. Qxc4 Qxc4 39. Rxc4 f5 40.
Kh2 Kf6 41. Ra4 Kg5 42. Ra5 Rd2 43. Ra4 Re2 44. Kg3 Re3+ 45. Kf2 Rb3 1/2-1/2

[Event "V. Art Pub Kupa"]
[Site "?"]
[Date "2014.08.08"]
[Round "2.15"]
[White "Kratzmajer, Akos Gyorgy"]
[Black "Mester, Attila"]
[Result "0-1"]
[WhiteElo "1328"]
[BlackElo "2006"]
[PlyCount "70"]
[EventDate "2014.08.07"]
[SourceDate "2014.08.07"]

1. e4 c5 2. Nf3 Nc6 3. d4 cxd4 4. Nxd4 Qb6 5. Nxc6 bxc6 6. Bc4 Nf6 7. e5 Qa5+
8. Nc3 Qxe5+ 9. Qe2 Qxe2+ 10. Bxe2 d5 11. Bf4 e6 12. O-O Be7 13. Rab1 O-O 14.
Bf3 Nd7 15. Ne2 e5 16. Bd2 e4 17. Bg4 f5 18. Bh3 g5 19. g3 Ne5 20. Bg2 Ba6 21.
Rfe1 c5 22. Nc3 Rad8 23. f4 Nc4 24. Bc1 g4 25. Bf1 Bf6 26. Na4 Bb5 27. Nxc5
Bd4+ 28. Be3 Nxe3 29. Ne6 Nxc2+ 30. Nxd4 Nxd4 31. Bxb5 Nxb5 32. Rbd1 d4 33. Rd2
d3 34. Re3 Nd4 35. Re1 Nf3+ 0-1

[Event "V. Art Pub Kupa"]
[Site "?"]
[Date "2014.08.08"]
[Round "2.16"]
[White "Pasztorcsik, Janos"]
[Black "Toth, Nikoletta"]
[Result "1-0"]
[WhiteElo "1997"]
[BlackElo "1193"]
[PlyCount "63"]
[EventDate "2014.08.07"]
[SourceDate "2014.08.07"]

1. d4 Nf6 2. c4 e6 3. Nf3 d5 4. Nc3 c5 5. cxd5 exd5 6. e3 Nc6 7. Bb5 Bg4 8. Qa4
Qb6 9. Ne5 Rc8 10. Nxg4 Nxg4 11. dxc5 Qxc5 12. Qxg4 Rd8 13. O-O g6 14. Qd4 Qxd4
15. exd4 Bg7 16. Bxc6+ bxc6 17. Be3 O-O 18. Na4 Rb8 19. Rfd1 Rfc8 20. Rac1 Rb4
21. b3 Bf8 22. Kf1 Kg7 23. Rc2 Rb7 24. Rdc1 Rbc7 25. Bf4 Ba3 26. Bxc7 Bxc1 27.
Rxc6 f6 28. Rxc1 Kf7 29. Bf4 Rh8 30. Rc7+ Ke6 31. g4 g5 32. Nc5# 1-0

[Event "V. Art Pub Kupa"]
[Site "?"]
[Date "2014.08.08"]
[Round "2.17"]
[White "Papp, Andrea"]
[Black "Pasztor, Bence"]
[Result "0-1"]
[WhiteElo "1548"]
[BlackElo "1523"]
[PlyCount "82"]
[EventDate "2014.08.07"]
[SourceDate "2014.08.07"]

1. e4 e5 2. Nf3 Nc6 3. Bc4 Nf6 4. d3 Bc5 5. O-O O-O 6. Nc3 d6 7. h3 Na5 8. Bb3
Nxb3 9. axb3 a6 10. Bg5 h6 11. Bxf6 Qxf6 12. b4 Ba7 13. Qe2 Qg6 14. Kh1 c6 15.
Nd1 Re8 16. c4 Be6 17. Nc3 f5 18. Nh4 Qf6 19. Nxf5 Bxf5 20. exf5 Qxf5 21. Ne4
Re6 22. Rad1 Bd4 23. Ng3 Qg6 24. Qd2 Rf8 25. Rde1 Bxf2 26. Rxf2 Qxg3 27. Rxf8+
Kxf8 28. Re4 Rf6 29. Kg1 Rf4 30. Re3 Qg5 31. Qe2 Ke7 32. Qe1 Ke6 33. Rg3 Qf6
34. Qe2 g6 35. Rg4 h5 36. Rg3 d5 37. cxd5+ cxd5 38. Qd2 Rf1+ 39. Kh2 Qf4 40.
Qc3 Rc1 41. Qa3 h4 0-1

[Event "V. Art Pub Kupa"]
[Site "?"]
[Date "2014.08.08"]
[Round "2.18"]
[White "Veress, Gaspar"]
[Black "Schweighoffer, Martin"]
[Result "1-0"]
[WhiteElo "1857"]
[BlackElo "2000"]
[PlyCount "79"]
[EventDate "2014.08.07"]
[SourceDate "2014.08.07"]

1. d4 Nf6 2. c4 g6 3. f3 d5 4. cxd5 Nxd5 5. e4 Nb6 6. Nc3 Bg7 7. Be3 Nc6 8. Bb5
O-O 9. Bxc6 bxc6 10. b3 c5 11. Nge2 cxd4 12. Bxd4 e5 13. Bc5 Re8 14. Qxd8 Rxd8
15. Nb5 c6 16. Nxa7 Nd7 17. Nxc6 Nxc5 18. Nxd8 Bd7 19. b4 Nd3+ 20. Kd2 Rxd8 21.
Kxd3 Bh6 22. Kc3 Bb5 23. Nc1 Rc8+ 24. Kb2 Bd2 25. Rb1 Bxb4 26. a3 Bd2 27. Ka2
Bc4+ 28. Nb3 Ra8 29. Kb2 Rb8 30. Kc2 Bg5 31. Nd2 Bd3+ 32. Kxd3 Rd8+ 33. Kc4
Rxd2 34. g3 Rd4+ 35. Kb5 Rd3 36. a4 Rxf3 37. a5 Ra3 38. Ra1 Rb3+ 39. Kc4 Re3
40. Rhe1 1-0

[Event "V. Art Pub Kupa"]
[Site "?"]
[Date "2014.08.08"]
[Round "2.19"]
[White "Ambrus, Bence"]
[Black "Mako, Zoltan"]
[Result "1/2-1/2"]
[WhiteElo "1623"]
[BlackElo "1974"]
[PlyCount "39"]
[EventDate "2014.08.07"]
[SourceDate "2014.08.07"]

1. e4 d6 2. d4 Nf6 3. Nc3 g6 4. Nf3 Bg7 5. Bc4 O-O 6. O-O Nxe4 7. Nxe4 d5 8.
Bxd5 Qxd5 9. Re1 e6 10. Bf4 Na6 11. Qd2 c5 12. Bd6 Rd8 13. Bxc5 Nxc5 14. Nxc5
b6 15. Nb3 Bb7 16. c3 Rac8 17. Qg5 Qc6 18. Ne5 Qc7 19. Qe3 Bd5 20. Nd2 1/2-1/2

[Event "V. Art Pub Kupa"]
[Site "?"]
[Date "2014.08.08"]
[Round "2.20"]
[White "Pasztor, Balazs"]
[Black "Bellan, Istvan"]
[Result "0-1"]
[WhiteElo "1410"]
[BlackElo "1884"]
[PlyCount "86"]
[EventDate "2014.08.07"]
[SourceDate "2014.08.07"]

1. e4 c6 2. d4 d6 3. Nf3 g6 4. Be2 Bg7 5. Be3 Nf6 6. Nbd2 b5 7. O-O O-O 8. c3
Nbd7 9. Qc2 Bb7 10. Rfe1 a6 11. h3 e5 12. dxe5 dxe5 13. Rad1 Qc7 14. c4 Rac8
15. Rc1 Qb8 16. Qb1 h6 17. Bd3 Rfe8 18. cxb5 cxb5 19. Rxc8 Rxc8 20. Rc1 Rxc1+
21. Qxc1 Kh7 22. g3 Qd6 23. Bb1 Ne8 24. Ne1 Qe6 25. Kh2 h5 26. Nef3 f6 27. a3
Bf8 28. b4 Nb6 29. Qc2 Na4 30. Ba2 Qd7 31. Bb3 a5 32. Bxa4 bxa4 33. Qc3 axb4
34. axb4 Qc6 35. Bc5 Bh6 36. h4 Nd6 37. b5 Nxb5 38. Qb4 Bxd2 39. Nxd2 a3 40.
Be3 Qd7 41. Qa4 Bc6 42. Qb3 Kg7 43. Nb1 Qf7 0-1

[Event "V. Art Pub Kupa"]
[Site "?"]
[Date "2014.08.08"]
[Round "2.21"]
[White "Gyenes, Mate"]
[Black "Szentgyorgyi, Sandor"]
[Result "0-1"]
[WhiteElo "1246"]
[BlackElo "1845"]
[PlyCount "48"]
[EventDate "2014.08.07"]
[SourceDate "2014.08.07"]

1. e4 c5 2. Nf3 Nc6 3. d4 cxd4 4. Nxd4 Qb6 5. Nxc6 bxc6 6. Bc4 e5 7. Qh5 Qb4+
8. Nd2 Qe7 9. O-O g6 10. Qe2 Nf6 11. Qd3 Bg7 12. Nf3 h6 13. Bd2 O-O 14. Bc3 d5
15. exd5 e4 16. Rfe1 Qb7 17. dxc6 Qc7 18. Be5 Qxe5 19. Nxe5 exd3 20. Nxg6 Re8
21. Rxe8+ Nxe8 22. Ne7+ Kf8 23. Nd5 Bxb2 24. Re1 dxc2 0-1

[Event "V. Art Pub Kupa"]
[Site "?"]
[Date "2014.08.08"]
[Round "2.22"]
[White "Szurkos, Andras"]
[Black "Gorog, Almos"]
[Result "0-1"]
[WhiteElo "1775"]
[BlackElo "1627"]
[PlyCount "124"]
[EventDate "2014.08.07"]
[SourceDate "2014.08.07"]

1. e4 e6 2. b3 d5 3. Bb2 dxe4 4. Nc3 Nf6 5. Qe2 Nc6 6. Nxe4 Nd4 7. Bxd4 Qxd4 8.
Nc3 Nd5 9. Nf3 Qf6 10. Qe5 Qxe5+ 11. Nxe5 Nxc3 12. dxc3 a6 13. Be2 f6 14. Nc4
Bc5 15. b4 Be7 16. Bf3 Kf7 17. Rd1 e5 18. a3 Rd8 19. Rxd8 Bxd8 20. Bd5+ Kf8 21.
Ke2 c6 22. Bf3 Bc7 23. g4 e4 24. Bxe4 Bxg4+ 25. Bf3 Re8+ 26. Ne3 Bxf3+ 27. Kxf3
Be5 28. c4 b5 29. Rd1 Bxh2 30. Rh1 Be5 31. Rxh7 Bb2 32. cxb5 axb5 33. Nf5 Re5
34. Rh8+ Kf7 35. Nd6+ Ke7 36. Nc8+ Kd7 37. c4 Bxa3 38. Nb6+ Ke7 39. Nc8+ Ke6
40. cxb5 cxb5 41. Na7 Bxb4 42. Re8+ Kf5 43. Rb8 Bd6 44. Rb7 b4 45. Nc6 Rc5 46.
Nd4+ Ke5 47. Ne2 Rd5 48. Nc1 Rd1 49. Na2 Rb1 50. Rxg7 Kd4 51. Rd7 Kc5 52. Ke3
Be5 53. f4 b3 54. fxe5 bxa2 55. exf6 a1=Q 56. f7 Re1+ 57. Kf2 Rf1+ 58. Kg3 Qe1+
59. Kg2 Qf2+ 60. Kh3 Qxf7 61. Rd2 Qf3+ 62. Kh2 Rf2+ 0-1

[Event "V. Art Pub Kupa"]
[Site "?"]
[Date "2014.08.08"]
[Round "2.23"]
[White "Csatho, Gabor"]
[Black "Lakatos, Tamas"]
[Result "0-1"]
[WhiteElo "1766"]
[BlackElo "1555"]
[PlyCount "132"]
[EventDate "2014.08.07"]
[SourceDate "2014.08.07"]

1. e4 c6 2. d4 d5 3. Nc3 dxe4 4. Nxe4 Bf5 5. Ng3 Bg6 6. h4 h6 7. h5 Bh7 8. Nf3
Nd7 9. Bd3 Bxd3 10. Qxd3 e6 11. Bf4 Qa5+ 12. c3 Ngf6 13. Nd2 O-O-O 14. Nc4 Qd5
15. Ne3 Qa5 16. b4 Qa4 17. Nc4 Nd5 18. Bd6 Qa6 19. Bxf8 Nxf8 20. Ne4 f5 21.
Ned6+ Kc7 22. Nf7 Rh7 23. Nxd8 Kxd8 24. g3 f4 25. O-O g6 26. Rfd1 gxh5 27. Ne5
Qxd3 28. Rxd3 Rg7 29. Kh2 Nd7 30. a3 Nxe5 31. dxe5 Rg4 32. Rc1 Ke7 33. c4 fxg3+
34. fxg3 Nb6 35. c5 Nc4 36. Rcd1 Nxe5 37. Rd8 b6 38. Ra8 bxc5 39. Rxa7+ Kf6 40.
Rf1+ Kg6 41. Re7 Re4 42. Rxe6+ Kg5 43. Kh1 h4 44. gxh4+ Kg4 45. Rg1+ Kh3 46.
Rf6 Re2 47. Rb1 c4 48. Kg1 c3 49. Rf2 c2 50. Rb3+ Kxh4 51. Rf1 Ng4 52. Rc3 Ne3
53. Rc1 Kg3 54. Rxe3+ Rxe3 55. Kf1 Rf3+ 56. Ke2 Rf2+ 57. Kd3 h5 58. a4 h4 59.
a5 h3 60. a6 h2 61. a7 Rf3+ 62. Kc4 Ra3 63. Kc5 Rxa7 64. Kxc6 Ra2 65. Re1 Kg2
66. Re2+ Kf1 0-1

[Event "V. Art Pub Kupa"]
[Site "?"]
[Date "2014.08.08"]
[Round "2.25"]
[White "Lengyel, Andrea"]
[Black "B. Kiss, Tamas"]
[Result "1-0"]
[WhiteElo "1748"]
[BlackElo "1439"]
[PlyCount "113"]
[EventDate "2014.08.07"]
[SourceDate "2014.08.07"]

1. d4 d5 2. Nf3 e6 3. c4 Nf6 4. Nc3 Bb4 5. Bg5 Nbd7 6. e3 O-O 7. a3 Bxc3+ 8.
bxc3 c6 9. Bd3 dxc4 10. Bxc4 Qa5 11. Qc2 Nd5 12. Bxd5 exd5 13. O-O b5 14. a4 b4
15. Be7 Re8 16. cxb4 Qc7 17. Bh4 Qd6 18. Rab1 Nb6 19. Ne5 Bb7 20. Bg3 Qe6 21.
Rfc1 Rac8 22. a5 Nd7 23. Nxd7 Qxd7 24. Qd3 a6 25. Re1 Qg4 26. f3 Qg5 27. Rb2
Re6 28. Rbe2 Rce8 29. Bf4 Qe7 30. Qc3 f5 31. Be5 g5 32. Qc5 f4 33. Qxe7 R8xe7
34. exf4 gxf4 35. Kf2 Rf7 36. Bb8 Rxe2+ 37. Rxe2 Kg7 38. Re8 Kg6 39. Rg8+ Kf5
40. Rg4 Ke6 41. Rxf4 Rxf4 42. Bxf4 Kf5 43. Be3 h5 44. Kg3 Bc8 45. Kh4 Kg6 46.
g4 hxg4 47. fxg4 Be6 48. Kg3 Bf7 49. Kf4 Kf6 50. h4 Be8 51. h5 Bf7 52. g5+ Ke6
53. g6 Bg8 54. h6 Kf6 55. h7 Bxh7 56. gxh7 Kg7 57. Ke5 1-0

[Event "V. Art Pub Kupa"]
[Site "?"]
[Date "2014.08.08"]
[Round "2.27"]
[White "Tamasi, Zoltan"]
[Black "Karacsonyi, Kata"]
[Result "0-1"]
[WhiteElo "1736"]
[BlackElo "1377"]
[PlyCount "96"]
[EventDate "2014.08.07"]
[SourceDate "2014.08.07"]

1. e4 e5 2. Nf3 Nc6 3. d3 Nf6 4. Be2 d5 5. Nbd2 Bc5 6. O-O O-O 7. c3 Be6 8. Qc2
Qd7 9. b3 Rad8 10. Bb2 Rfe8 11. h3 Bb6 12. Rfd1 Qd6 13. a3 Nh5 14. b4 Nf4 15.
Bf1 a6 16. c4 dxc4 17. Nxc4 Qe7 18. Bxe5 Nxh3+ 19. gxh3 Bxc4 20. Bxc7 Bxc7 21.
Qxc4 Ne5 22. Nxe5 Qxe5 23. Bg2 Re6 24. Rac1 Qh2+ 25. Kf1 Rc6 26. Qb3 Rg6 27.
Bf3 Bb6 28. d4 Bxd4 29. Rxd4 Qxh3+ 30. Ke2 Rxd4 31. Rc7 Rf6 32. Rxb7 h6 33. e5
Re6 34. Rb8+ Kh7 35. Qe3 Qh4 36. Rb7 Qf4 37. Rxf7 Qxe5 38. Qxe5 Rxe5+ 39. Kf1
Rd3 40. a4 Kg8 41. Rf4 g5 42. Rf6 Kg7 43. Rxa6 Rxf3 44. b5 Ref5 45. b6 Rxf2+
46. Kg1 Rb2 47. Ra7+ Kg6 48. a5 Rd5 0-1

[Event "V. Art Pub Kupa"]
[Site "?"]
[Date "2014.08.08"]
[Round "2.29"]
[White "Ronai, Akos Balazs"]
[Black "Csajbok, Levente Tamas"]
[Result "0-1"]
[WhiteElo "1702"]
[BlackElo "1319"]
[PlyCount "110"]
[EventDate "2014.08.07"]
[SourceDate "2014.08.07"]

1. c4 e5 2. Nc3 Nc6 3. g3 Bc5 4. Bg2 Nge7 5. e3 O-O 6. Nge2 d6 7. O-O f5 8. d4
exd4 9. exd4 Bb6 10. b4 Nxb4 11. Qb3 c5 12. Bg5 Qc7 13. Nb5 Qd7 14. Bf4 Rf6 15.
dxc5 dxc5 16. Rad1 Qe8 17. Nd6 Qh5 18. Bf3 Qg6 19. h4 Rf8 20. Nxb7 Bxb7 21.
Bxb7 Rae8 22. Nc3 Nec6 23. Rd6 Re6 24. h5 Qf7 25. Bxc6 Nxc6 26. Rfd1 Nd4 27.
Qa4 Rfe8 28. Rd7 Re1+ 29. Rxe1 Rxe1+ 30. Kg2 Qxh5 31. Rxg7+ Kxg7 32. Qd7+ Qf7
33. Bh6+ Kg8 34. Qc8+ Re8 35. Qa6 Qg6 36. Bf4 Ne2 37. Nd5 Nxf4+ 38. Nxf4 Qg7
39. Qa4 Qe7 40. Nd5 Qe4+ 41. Kg1 Rf8 42. Qc6 Kh8 43. Qd6 Qe8 44. Nf6 Qd8 45.
Nd7 Re8 46. Kg2 Bc7 47. Qd3 Kg8 48. Qxf5 Qa8+ 49. Kh2 Re7 50. Nf6+ Kh8 51. Qxc5
Re1 52. Nd5 Bb6 53. Qd6 Bd4 54. Qf4 Bg7 55. Qd2 Ra1 0-1